Normal view
MARC view
Entry Personal Name
001 - CONTROL NUMBER
- control field: 9378
003 - CONTROL NUMBER IDENTIFIER
- control field: OSt
005 - DATE AND TIME OF LATEST TRANSACTION
- control field: 20160613141110.0
008 - FIXED-LENGTH DATA ELEMENTS
- fixed length control field: 160613|| aca||aabn | a|a d
040 ## - CATALOGING SOURCE
- Original cataloging agency: OSt
- Transcribing agency: OSt
100 ## - HEADING--PERSONAL NAME
- Personal name: Desslle,P.shane;Zgarrick,P.David;
670 ## - SOURCE DATA FOUND
- Source citation: Work cat.: (OSt): Desslle,P.shane;Zgarrick,P.David;, Pharmacy Management., 2005.
